000 00603cam a2200145 4500500
005 20260208002359.0
041 _afre
042 _adc
100 1 0 _aKaplanian, Patrick
_eauthor
245 0 0 _aFrançoise Frontisi-Ducroux, L’Homme-cerf et la femme-araignée : figures grecques de la métamorphose. Paris, Gallimard, 2003, 304 p., notes bibliogr., ill. (« Le temps des images »)
260 _c2006.
500 _a82
786 0 _nL'Homme | 179 | 3 | 2006-07-01 | p. 237zc-302zc | 0439-4216
856 4 1 _uhttps://shs.cairn.info/revue-l-homme-2006-3-page-237zc?lang=fr&redirect-ssocas=7080
999 _c1646064
_d1646064